LEADER 03979nam 2200637 450 001 996208314503316 005 20230621141118.0 010 $a9783863951078 (ebook) 035 $a(CKB)2670000000356651 035 $a(SSID)ssj0000985858 035 $a(PQKBManifestationID)11509536 035 $a(PQKBTitleCode)TC0000985858 035 $a(PQKBWorkID)10933342 035 $a(PQKB)10559149 035 $a(OCoLC)1030821307 035 $a(WaSeSS)Ind00074278 035 $a(WaSeSS)IndRDA00057341 035 $a(oapen)https://directory.doabooks.org/handle/20.500.12854/27751 035 $a(EXLCZ)992670000000356651 100 $a20160829h20132013 uy 0 101 0 $ager 135 $aurmn#nnn||||| 181 $ctxt$2rdacontent 182 $cc$2rdamedia 183 $acr$2rdacarrier 200 10$aDoppelbegabung im expressionismus $ezur beziehung von kunst und literatur bei Oskar Kokoschka und Ludwig Meidner /$fDorle Meyer 210 $cUniversitätsverlag Göttingen$d2013 210 1$aGöttingen :$cUniversitätsverlag Göttingen,$d2013. 210 4$d©2013 215 $a1 online resource (408 pages) $cillustrations; digital, PDF file(s) 225 0 $aOpen Access e-Books 225 0 $aKnowledge Unlatched 320 $aIncludes bibliographical references. 330 $aDer Expressionismus als Bewegung zu Beginn des 20. Jahrhunderts erfasste Ku?nstler, Literaten und Musiker gleichermassen und legte wichtige Grundlagen fu?r die Entwicklung der modernen Kunst. Aussergewo?hnlich hoch ist in dieser Zeit die Zahl doppelbegabter Ku?nstler, die gedra?ngt vom Willen zu gesellschaftlichem Umbruch und inspiriert von neuesten Erkenntnissen aus Philosophie und Wissenschaft ihren expressiven und emotional aufgeladenen ku?nstlerischen Ausdruck in verschiedenen Medien suchten. Untersuchungen zeitgeno?ssischer Texte geben Aufschluss u?ber die Voraussetzungen zum doppelbegabten Schaffen, das wieder historische Vergleich zeigt, nie zuvor in solcher Intensita?t stattgefunden hat. Hervorragende Beispiele expressionistischer Doppelbegabung sind Oskar Kokoschka - prominenter Ku?nstler und "Begru?nder des Dramenexpressionismus" - und Ludwig Meidner, der fu?r seine apokalyptischen Landschaften einst hoch geru?hmt wurde. Der Vergleich ihrer Gema?lde und Grafiken mit ihren Dramen, Gedichten und Prosatexten erlaubt interessante, tiefergehende Einblicke in ihre Intentionen und die Bandbreite ihrer Themen. Zugleich ermo?glicht der interdisziplina?re Ansatz ein eingehenderes Versta?ndnis fu?r ihr expressionistisches Gesamtoeuvre und die Bezu?ge zwischen Kunst und Literatur. 330 $aDouble-talented artists were particularly numerous during the period of expressionism, which was characterized by political and radical social changes. The book presented offers informations about the artists' motivations and focuses on two excellent examples of artistic double-talent - Oskar Kokoschka, the founder of drama expressionism and Ludwig Meidner, highly praised for his apocalyptic landscapes. The interdisciplinary comparison of paintings and graphics with the dramas, poems and prose texts written by the artists allows offers valuable insights into their entire expressionistic oevre and, at the same time, a closer understanding of the relationship between art and literature. 606 $aExpressionism (Art) 606 $aArt and literature 606 $aArtists as authors 610 $aliterature 610 $aoskar kokoschka 610 $adouble talent 610 $amodern art 610 $aexpressionism 610 $aludwig meidner 610 $aApokalypse 615 0$aExpressionism (Art) 615 0$aArt and literature 615 0$aArtists as authors 676 $a709.22 700 $aMeyer$b Dorle$0966043 801 0$bPQKB 801 2$bAuAdUSA 801 2$bUkMaJRU 912 $a996208314503316 996 $aDoppelbegabung im expressionismus$92192306 997 $aUNISA LEADER 01861nam 2200469 450 001 9910707738403321 005 20161130101212.0 035 $a(CKB)5470000002467166 035 $a(OCoLC)964627262 035 $a(EXLCZ)995470000002467166 100 $a20161130d2016 ua 0 101 0 $aeng 135 $aurmn||||||||| 181 $ctxt$2rdacontent 182 $cc$2rdamedia 183 $acr$2rdacarrier 200 14$aThe return of foreign fighters to Central Asia $eimplications for U.S. counterterrorism policy /$fby Thomas F. Lynch III [and three others] 210 1$aWashington, D.C. :$cNational Defense University Press,$d2016. 215 $a1 online resource (33 pages) $ccolor illustration, color map 225 1 $aStrategic perspectives / Institute for National Strategic Studies ;$vno. 21 300 $a"October 2016." 300 $a"Center for Strategic Research, Institute for National Strategic Studies, National Defense University"--PDF cover page. 320 $aIncludes bibliographical references (pages 24-32). 517 $aReturn of foreign fighters to Central Asia 606 $aTerrorists$xRecruiting$zAsia, Central 606 $aIslamic fundamentalism$zAsia, Central 606 $aRadicalism$xReligious aspects 606 $aJihad 606 $aTerrorism$xPrevention$xGovernment policy$zUnited States 615 0$aTerrorists$xRecruiting 615 0$aIslamic fundamentalism 615 0$aRadicalism$xReligious aspects. 615 0$aJihad. 615 0$aTerrorism$xPrevention$xGovernment policy 700 $aLynch$b Thomas Francis$f1960-$01396558 712 02$aNational Defense University.$bCenter for Strategic Research, 801 0$bGPO 801 1$bGPO 906 $aBOOK 912 $a9910707738403321 996 $aThe return of foreign fighters to Central Asia$93476020 997 $aUNINA